| 000 | 01107nam a22003377a 4500 | ||
|---|---|---|---|
| 003 | CHAP | ||
| 005 | 20220329143755.0 | ||
| 008 | 111021s2011 nyua r 00010 spa d | ||
| 010 | _a101735 | ||
| 011 | _a102707 | ||
| 020 | _a9789280645576 | ||
| 035 | _a113396 | ||
| 040 | _cCHAP | ||
| 082 | 0 | 4 |
_a305.23 _bUn31 2011 |
| 110 | 2 |
_aUNICEF _9116167 |
|
| 245 | 1 | 0 |
_aEstado mundial de la infancia 2011 _c/por Fondo de las Naciones Unidas para la Infancia |
| 246 | 3 |
_aTítulo en portada : _iLa adolescencia : _buna época de oportunidades |
|
| 260 |
_aNueva York : _bUNICEF, _cc2011 |
||
| 300 |
_a138 p. : _bilus., gráfs., tablas |
||
| 590 |
_aBATCH-UPD _b10 _c20130110 _lUCH01 _h1059 |
||
| 590 |
_aBATCH-UPD _b10 _c20130410 _lUCH01 _h0653 |
||
| 590 |
_aBATCH-UPD _b10 _c20130914 _lUCH01 _h0257 |
||
| 590 |
_aCONVERSION _b10 _c20130109 _lUCH01 _h1356 |
||
| 650 | 1 | 4 |
_aAdolescencia. _9954 |
| 650 | 1 | 4 |
_aCondiciones sociales. _926332 |
| 650 | 1 | 4 |
_aJuventud. _962551 |
| 650 | 1 | 4 |
_aNiñez. _981358 |
| 901 | _aBK | ||
| 942 | _cLIBRO | ||
| 949 |
_a305.23 Un31 2011 _bBC _cLIBRO _d33724002309801 _eLIBRO _h116081 _i113396 _sb |
||
| 999 |
_c101735 _d101735 |
||